Criminal procedure. / (Record no. 9827)

MARC details
000 -LEADER
fixed length control field 01024cam a2200301 a 4500
001 - CONTROL NUMBER
control field 16442468
003 - CONTROL NUMBER IDENTIFIER
control field OSt
005 - DATE AND TIME OF LATEST TRANSACTION
control field 20230623112240.0
008 - FIXED-LENGTH DATA ELEMENTS--GENERAL INFORMATION
fixed length control field 100901s2012 caua b 001 0 eng
010 ## - LIBRARY OF CONGRESS CONTROL NUMBER
LC control number 2010936203
020 ## - INTERNATIONAL STANDARD BOOK NUMBER
International Standard Book Number 9780495913757
020 ## - INTERNATIONAL STANDARD BOOK NUMBER
International Standard Book Number 0495913758
040 ## - CATALOGING SOURCE
Original cataloging agency DLC
Transcribing agency DLC
042 ## - AUTHENTICATION CODE
Authentication code pcc
050 00 - LIBRARY OF CONGRESS CALL NUMBER
Classification number KF9619.S26
100 1# - MAIN ENTRY--PERSONAL NAME
Personal name Samaha, Joel.
9 (RLIN) 1803
245 10 - TITLE STATEMENT
Title Criminal procedure. /
Statement of responsibility, etc. Samaha, Joel
250 ## - EDITION STATEMENT
Edition statement 8th ed.
260 ## - PUBLICATION, DISTRIBUTION, ETC.
Place of publication, distribution, etc. Belmont, CA :
Name of publisher, distributor, etc. Thomson Wadsworth,
Date of publication, distribution, etc. 2012.
300 ## - PHYSICAL DESCRIPTION
Extent xxiv, 597 p. :
Other physical details ill. ;
Dimensions 27 cm.
504 ## - BIBLIOGRAPHY, ETC. NOTE
Bibliography, etc. note Includes bibliographical references (p. 569-579) and indexes.
505 ## - FORMATTED CONTENTS NOTE
Formatted contents note Contents: Crime control in a constitutional democracy -- Criminal procedure and the constitution -- The definition of searches and seizures --
650 #0 - SUBJECT ADDED ENTRY--TOPICAL TERM
Topical term or geographic name entry element Criminal procedure
Geographic subdivision United States.
9 (RLIN) 1796
906 ## - LOCAL DATA ELEMENT F, LDF (RLIN)
a 7
b cbc
c origcop
d 2
e epcn
f 20
g y-gencatlg
942 ## - ADDED ENTRY ELEMENTS (KOHA)
Source of classification or shelving scheme Library of Congress Classification
Koha item type Books
Holdings
Withdrawn status Lost status Source of classification or shelving scheme Damaged status Not for loan Home library Current library Shelving location Date acquired Total Checkouts Full call number Barcode Date last seen Price effective from Koha item type Copy number
    Library of Congress Classification     WISCONSIN INTERNATIONAL UNIVERSITY COLLEGE, GHANA - MAIN LIBRARY WISCONSIN INTERNATIONAL UNIVERSITY COLLEGE, GHANA - MAIN LIBRARY REF - SPECIAL LAW COLLECTION 16/07/2024   KF9619.S26(8e) 051/051/24 16/07/2024 16/07/2024 Books 1
    Library of Congress Classification     WISCONSIN INTERNATIONAL UNIVERSITY COLLEGE, GHANA - MAIN LIBRARY WISCONSIN INTERNATIONAL UNIVERSITY COLLEGE, GHANA - MAIN LIBRARY REF - SPECIAL LAW COLLECTION 16/07/2024   KF9619.S261 (8e) 052/052/24 16/07/2024 16/07/2024 Books 2
    Library of Congress Classification     WISCONSIN INTERNATIONAL UNIVERSITY COLLEGE, GHANA - MAIN LIBRARY WISCONSIN INTERNATIONAL UNIVERSITY COLLEGE, GHANA - MAIN LIBRARY REF - SPECIAL LAW COLLECTION 16/07/2024   KF9619.S262 (8e) 053/053/24 16/07/2024 16/07/2024 Books 3
    Library of Congress Classification     WISCONSIN INTERNATIONAL UNIVERSITY COLLEGE, GHANA - MAIN LIBRARY WISCONSIN INTERNATIONAL UNIVERSITY COLLEGE, GHANA - MAIN LIBRARY Law Library 16/07/2024   KF9619.S26 (8e) 3364/469/24 16/07/2024 16/07/2024 Books 1
    Library of Congress Classification     WISCONSIN INTERNATIONAL UNIVERSITY COLLEGE, GHANA - MAIN LIBRARY WISCONSIN INTERNATIONAL UNIVERSITY COLLEGE, GHANA - MAIN LIBRARY Law Library 16/07/2024   KF9619.S261 (8e) 3365/470/24 16/07/2024 16/07/2024 Books 2
    Dewey Decimal Classification     WISCONSIN INTERNATIONAL UNIVERSITY COLLEGE, GHANA - MAIN LIBRARY WISCONSIN INTERNATIONAL UNIVERSITY COLLEGE, GHANA - MAIN LIBRARY Law Library 16/07/2024   KF9619.S262 (8e) 3366/471/24 16/07/2024 16/07/2024 Books 3
    Library of Congress Classification     WISCONSIN INTERNATIONAL UNIVERSITY COLLEGE, GHANA KUMASI LIBRARY WISCONSIN INTERNATIONAL UNIVERSITY COLLEGE, GHANA KUMASI LIBRARY Law Library 01/06/2023   KF9619.S26 (8e) KSL/2023/286/23 23/06/2023 23/06/2023 Books  

If you have any concerns or questions; kindly contact the library


© Powered by WIUC ICT DIRECTORATE